Možnosti a limity islamskej ekonomiky v Ruskej federácii
Výsledky analýzy súčasného stavu islamských financií v Ruskej federácii. Aktuálny rast islamských financií vo svete. Islamská ekonomika v Ruskej federácii. Príležitosti a limity ďalšieho rozvoja islamskej ekonomiky v podmienkach krajiny.
Salvato in:
| Autore principale: | |
|---|---|
| Natura: | Capitolo di libro |
| Lingua: | slovacco |
| Soggetti: | |
| Tags: |
Nessun Tag, puoi essere il primo ad aggiungerne!!
|
MARC
| LEADER | 00000naa$a2200000$$$4500 | ||
|---|---|---|---|
| 001 | 0271116 | ||
| 005 | 20240502074246.9 | ||
| 041 | 0 | |a slo | |
| 044 | |a SK | ||
| 245 | 1 | 0 | |a Možnosti a limity islamskej ekonomiky v Ruskej federácii |c Zuzana Rozkošová |
| 520 | |a Výsledky analýzy súčasného stavu islamských financií v Ruskej federácii. Aktuálny rast islamských financií vo svete. Islamská ekonomika v Ruskej federácii. Príležitosti a limity ďalšieho rozvoja islamskej ekonomiky v podmienkach krajiny. | ||
| 610 | 2 | 0 | |a islam |
| 610 | 2 | 0 | |a náboženstvo |
| 610 | 2 | 0 | |a modely |
| 610 | 2 | 0 | |a financie |
| 610 | 2 | 0 | |a bankovníctvo |
| 610 | 2 | 0 | |a Rusko |
| 100 | 1 | |a Rozkošová, Zuzana, 1995- | |